000 00348 a2200157 4500
001 151649
040 _cEscola São Tomás de Aquino
100 _aDEFOE, Daniel
240 1 0 _aRobson Crusoé
_lpor
245 1 0 _aRobson Crusoé
300 _a96
362 0 _a2005
440 1 _aEscala Educacional
697 _a*LITERATURA JUVENIL
942 _cBK
999 _c151649
_d151649